Statistics for Countries, US States, Capitals, Elements, 100 Most Common Words: written with symmetrical letters

Click here to take the quiz!

General Stats

  • This quiz has been taken 40 times
  • The average score is 15 of 30

Answer Stats

SYMMETRY ANSWER % Correct
V{A}
84%
V, H, 180°{I}
84%
H{HE}
76%
V{AT}
70%
V{IT}
70%
H{BE}
68%
V{TO}
68%
180°{ON}
68%
180°{IN}
68%
180°{SO}
62%
180°{NO}
62%
180°{HIS}
59%
V{HIM}
57%
H{DO}
54%
V{WHAT}
51%
V{MY}
46%
V{HAITI}
43%
V, H, 180°{OHIO}
43%
V{WHO}
43%
V{OUT}
43%
V{YOU}
41%
V{IOWA}
38%
V{WITH}
38%
V{HOW}
38%
V{TWO}
35%
V{UTAH}
35%
V{HAWAII}
30%
V{OTTAWA}
27%
V{THAT}
24%
V{WAY}
14%

Score Distribution

Percentile by Number Answered

Percent of People with Each Score

Your Score History

You have not taken this quiz